000 00840nam a2200241Ia 4500
003 OSt
005 20220923222514.0
006 a|||||r|||| 00| 0
007 ta
008 220922b |||||||| |||| 00| 0 hin d
024 _a205,473
037 _cTextual
040 _aARTS
_cARTS
_bhin
041 _2hin
_ahin
082 _aPz7, 152N8
100 _aरघुवीर; शास्त्री, रामचंद्र शर्मा, अनु.
_9166992
245 0 _aहिन्दी की ऊर्जा
246 _aHindī kī ūrjā
260 _aदिल्ली
_b भगवती प्रका0
_c1998
300 _a200पृ.
_ccm.
942 _hPz7, 152N8
_cTEXL
_2CC
999 _c356155
_d356155